Countries Whose Capital is Not The Most Populated City - Statistics

General Stats
  • This quiz has been taken 28 times
  • The average score is 33 of 49
Answer Stats
Hint Answer % Correct
Manila < Quezon City Philippines
96%
Washington D.C. < New York City United States of America
96%
Pretoria/Cape Town/Bloemfontein < Johannesburg South Africa
92%
Belmopan < Belize City Belize
88%
Brasilia < São Paulo Brazil
88%
Ottawa < Toronto Canada
88%
Beijing < Chongqing China
88%
Bern < Zürich Switzerland
88%
Port of Spain < Chaguanas Trinidad and Tobago
88%
Abu Dhabi < Dubai United Arab Emirates
88%
Canberra < Sydney Australia
85%
Quito < Guayaquil Ecuador
85%
Rabat < Casablanca Morocco
85%
Wellington < Auckland New Zealand
85%
Abuja < Lagos Nigeria
85%
Islamabad < Karachi Pakistan
85%
Hanoi < Ho Chi Minh City Vietnam
85%
La Paz/Sucre < Santa Cruz de la Sierra Bolivia
81%
Yamoussoukro < Abdijan Cote d'Ivoire
81%
New Delhi < Delhi India
81%
Astana < Almaty Kazakhstan
81%
Jerusalem/Ramallah < Gaza City Palestine
81%
San Marino < Serravalle San Marino
81%
Taipei < New Taipei City Taiwan
81%
Yaounde < Douala Cameroon
77%
Valletta < San Pawl il-Baħar (St. Paul's Bay) Malta
77%
Naypyidaw < Yangon (Rangoon) Myanmar
77%
Yaren < Denigomodu Nauru
77%
Dodoma < Dar es Salaam Tanzania
77%
Porto-Novo < Cotonou Benin
73%
Vaduz < Schaan Liechtenstein
73%
Ngerulmud < Koror Palau
73%
Banjul < Serekunda (Serrekunda) The Gambia
73%
Ankara < Istanbul Türkiye
73%
Gitega < Bujumbura Burundi
69%
Ciudad de la Paz < Bata Equatorial Guinea
65%
Pago Pago < Tafuna American Samoa
54%
Distrito Nacional < Santo Domingo Este Dominican Republic
54%
Palikir < Weno Federated States of Micronesia
54%
Hamilton < St. George's Bermuda
50%
Hagåtña < Dededo Guam
31%
Philipsburg < Lower Prince's Quarter Saint Martin/Sint Maarten
27%
Basse-Terre < Les Abymes Guadeloupe
23%
Brades < Lookout Montserrat
23%
Cockburn Town < Providenciales Turks and Caicos Islands
23%
West Island < Bantam Village Cocos Islands
15%
Kingston < Burnt Pine Norfolk Island
15%
Jamestown < Half Tree Hollow Saint Helena, Ascension and Tristan da Cunha
12%
Technically no cities Caribbean Netherlands
4%
No matching quizzes found
Score Distribution
Percent of People with Each Score
Percentile by Number Answered
Your Score History
You have not taken this quiz